| 000 | 01050ngm a22003610a 4500 | ||
|---|---|---|---|
| 001 | PT19565 | ||
| 003 | AR-LpoUNG | ||
| 005 | 20210202000318.0 | ||
| 007 | vd cvaizq | ||
| 008 | 191001s1946||||ag |||||||||||||||||ita d | ||
| 037 | _c$9.96 | ||
| 040 |
_aAR-LpoUNG _bspa _cAR-LpoUNG _eaacr |
||
| 041 |
_aita _aspa |
||
| 044 | _aag | ||
| 082 | 0 | _a940.53 828pai | |
| 100 | 1 |
_aRossellini, Roberto _edir. |
|
| 245 | 1 | 0 | _aPaisá |
| 260 |
_aBuenos Aires : _bCultural Video, _c1946. |
||
| 300 | _aVHS (112 min.) : son., byn | ||
| 505 | 0 | _aGuión: Víctor Haines ; fotografía: Otello Martelli. - Títulos en italiano, subtítulos en español | |
| 520 | _aCompuesto de seis episodios, es una especie de retablo que ilustra la tragedia que vivió Italia entre 1943 y 1946. | ||
| 650 | 4 | _aANALISIS HISTORICO | |
| 650 | 4 | _aGUERRA | |
| 650 | 4 | _aHISTORIA | |
| 650 | 4 | _aITALIA | |
| 650 | 4 | _aMILITARISMO | |
| 651 | 4 | _aEuropa | |
| 653 | _aFASCISMO | ||
| 653 | _aNEORREALISMO ITALIANO | ||
| 653 | _aVIDEOS | ||
| 905 | _a19565 | ||
| 942 | _cVIDEO | ||
| 999 |
_c54595 _d54595 |
||